Chanteurs et musiciens en B (par images). - Statistiques

Statistiques générales
  • Ce quiz a été pris 853 fois
    277 depuis la dernière actualisation
  • Le résultat moyen est 12 sur 20
Statistiques - réponses
Par images Réponse % Correct
Beyonce
97%
Patrick Bruel
92%
Beatles
91%
Justin Bieber
91%
Booba
88%
Black M
85%
Daniel Balavoine
83%
Jacques Brel
81%
David Bowie
76%
Bénabar
58%
Barbara
54%
Michel Berger
53%
Georges Brassens
52%
Bono
39%
Jane Birkin
32%
Pierre Bachelet
28%
Alain Bashung
27%
James Brown
21%
Chuck Berry
19%
Andrea Bocelli
9%
Aucun quiz correspondant
Distribution des résultats
% des personnes avec chaque résultat
Percentile par nombre de réponses
Votre historique - résultats
Vous n’avez pas pris ce quiz depuis la dernière actualisation